| 000 | 00661nam a2200241Ia 4500 | ||
|---|---|---|---|
| 001 | dia_6761 | ||
| 003 | CHAP | ||
| 008 | 220117s1962 xx 000 0 und d | ||
| 010 | _a178066 | ||
| 040 | _cCHAP | ||
| 090 | _aF 149 1962 | ||
| 100 |
_aAgraz García, Abraham A. _91158 |
||
| 245 |
_aLa cabra : su cría en pastoreo / _c Abraham A. Agraz García |
||
| 260 |
_aMéxico : _b Confederación Nacional Campesina, _c1962 |
||
| 300 | _a34 p. | ||
| 440 |
_aManual del campesino ; 1 _9162682 |
||
| 901 | _aF 149 1962 | ||
| 902 | _aM | ||
| 905 | _a5202201962 MX 8025023020SPA10 | ||
| 942 | _c12 | ||
| 942 | _c12 | ||
| 999 |
_c178066 _d178066 |
||